I just threw out the love of my dreams - All Lyrics - Statistics

General Stats
  • This quiz has been taken 23 times
  • The average score is 86 of 106
Answer Stats
Answer % Correct
I
100%
a
94%
can't
94%
dreams
94%
get
94%
He
94%
he
94%
I'm
94%
is
94%
just
94%
love
94%
me
94%
my
94%
of
94%
out
94%
over
94%
so
94%
tall
94%
the
94%
threw
94%
all
88%
away
88%
be
88%
blood
88%
in
88%
low
88%
must
88%
tears
88%
these
88%
things
88%
under
88%
ears
82%
even
82%
everyday
82%
eyes
82%
for
82%
For
82%
see
82%
and
76%
him
76%
world
71%
made
65%
steel
65%
got
59%
oh
59%
right
59%
crumbling
53%
he's
53%
righteousness
47%
this
47%
to
47%
wondering
47%
felt
41%
have
41%
never
41%
way
41%
before
35%
breathe
35%
stay
35%
if
29%
know
18%
want
12%
what
12%
No matching quizzes found
Score Distribution
Percent of People with Each Score
Percentile by Number Answered
Your Score History
You have not taken this quiz